2015 ODI World Cup Final - Statistics

General Stats
  • This quiz has been taken 10 times
  • The average score is 18 of 22
Answer Stats
Hint Answer % Correct
Opening Batsman (c) Brendon McCullum
100%
Middle-Order Batsman (c) Michael Clarke
100%
Lower-Order Batsman (wk) Brad Haddin
88%
Opening Batsman David Warner
88%
Top-Order Batsman Kane Williamson
88%
Opening Batsman Martin Guptill
88%
Fast Bowler Mitchell Johnson
88%
Fast Bowler Mitchell Starc
88%
Middle-Order Batsman Ross Taylor
88%
Top-Order Batsman Steve Smith
88%
Fast Bowler Trent Boult
88%
Opening Batsman Aaron Finch
75%
Spinner Daniel Vettori
75%
Lower-Order Batsman Glenn Maxwell
75%
Middle-Order Batsman Grant Elliott
75%
Fast Bowler James Faulkner
75%
Fast Bowler Josh Hazlewood
75%
Lower-Order Batsman (wk) Luke Ronchi
75%
Middle-Order Batsman Shane Watson
75%
Fast Bowler Tim Southee
75%
Lower-Order Batsman Corey Anderson
63%
Fast Bowler Matt Henry
63%
No matching quizzes found
Score Distribution
Percent of People with Each Score
Percentile by Number Answered
Your Score History
You have not taken this quiz